Hóa học và ứng dụng

Shranjeno v:
Bibliografske podrobnosti
Format: Knjiga
Jezik:Undetermined
Izdano: Hà Nội Hội Hóa học Việt Nam 2018
Teme:
Oznake: Označite
Brez oznak, prvi označite!
Thư viện lưu trữ: Trung tâm Học liệu Trường Đại học Cần Thơ
LEADER 00478nam a2200169Ia 4500
001 CTU_235085
008 210402s9999 xx 000 0 und d
020 |c 0 
082 |a 540 
082 |b H401 
245 0 |a Hóa học và ứng dụng 
245 0 |c Hội Hóa học Việt Nam 
260 |a Hà Nội 
260 |b Hội Hóa học Việt Nam 
260 |c 2018 
650 |a Hóa học,Chemistry 
980 |a Trung tâm Học liệu Trường Đại học Cần Thơ